=LDR 00000nam 2200000 4500 =001 INLIS000000000029758 =005 20160301094223.0 =006 =007 =008 Ind =035 ##$$0010-061300000029758 =041 ##$$a Ind =082 ##$$a 808.83 =090 ##$$a 808.83, Kom m =100 ##$$a Komarudin, Ukim =245 ##$$a Menghimpun yang berserak, Kumpulan kisah siswa cerdas dari seorang Guru Pembelajar, Ukim Komaruddin =260 ##$$a 2008 $b Jakarta =300 ##$$a xxii, 148 hlm, 19 cm =650 ##$$a Cerita pendek-Kumpulan =850 ##$$a NBPNMAT =990 ##$$a 0001/BPAP-NTB/20142015